| 000 | 00784nam a22001577a 4500 | ||
|---|---|---|---|
| 999 |
_c59588 _d59588 |
||
| 005 | 20230320164525.0 | ||
| 008 | 230320s2022 ge ||||| |||| 00| 0 geo d | ||
| 022 | _a1512-0481 | ||
| 041 | _ageo | ||
| 245 |
_aსაქართველოს უზენაესი სასამართლოს გადაწყვეტილებანი / _bადმინისტრაციულ საქმეებზე : [ყოველთვიური]. უძრავი ქონება. |
||
| 260 |
_aთბილისი, _c2000- |
||
| 300 | _av. | ||
| 653 | _aსაქართველოს უზენაესი სასამართლოს გადაწყვეტილებანი | ||
| 653 | _aპერიოდიკა | ||
| 942 |
_2udc _cCR |
||